<?xml version="1.0" encoding="UTF-8"?>
<record
    xmlns:xsi="http://www.w3.org/2001/XMLSchema-instance"
    xsi:schemaLocation="http://www.loc.gov/MARC21/slim http://www.loc.gov/standards/marcxml/schema/MARC21slim.xsd"
    xmlns="http://www.loc.gov/MARC21/slim">

  <leader>00430nam a22001697a 4500</leader>
  <controlfield tag="003">OSt</controlfield>
  <controlfield tag="005">20240316103040.0</controlfield>
  <controlfield tag="008">171016b        xxu||||| |||| 00| 0 eng d</controlfield>
  <datafield tag="020" ind1=" " ind2=" ">
    <subfield code="a">NA</subfield>
  </datafield>
  <datafield tag="040" ind1=" " ind2=" ">
    <subfield code="c">SEROSOFT</subfield>
  </datafield>
  <datafield tag="082" ind1=" " ind2=" ">
    <subfield code="a">560.1</subfield>
  </datafield>
  <datafield tag="100" ind1=" " ind2=" ">
    <subfield code="a">SHARMA, S K</subfield>
  </datafield>
  <datafield tag="245" ind1=" " ind2=" ">
    <subfield code="a">AN INRODUCTION TO QUANTUM CHEMISRY</subfield>
    <subfield code="h">ENGLISH</subfield>
  </datafield>
  <datafield tag="260" ind1=" " ind2=" ">
    <subfield code="a">MEERUT</subfield>
    <subfield code="b">PRAGATI PRAKASHAN</subfield>
    <subfield code="c">2017</subfield>
  </datafield>
  <datafield tag="300" ind1=" " ind2=" ">
    <subfield code="a">2ND EDITIONI</subfield>
    <subfield code="b">355 PP.</subfield>
  </datafield>
  <datafield tag="942" ind1=" " ind2=" ">
    <subfield code="2">ddc</subfield>
    <subfield code="c">02</subfield>
    <subfield code="e">2ND EDITION</subfield>
  </datafield>
  <datafield tag="999" ind1=" " ind2=" ">
    <subfield code="c">40742</subfield>
    <subfield code="d">40742</subfield>
  </datafield>
  <datafield tag="952" ind1=" " ind2=" ">
    <subfield code="0">0</subfield>
    <subfield code="1">0</subfield>
    <subfield code="2">ddc</subfield>
    <subfield code="4">0</subfield>
    <subfield code="7">0</subfield>
    <subfield code="a">01</subfield>
    <subfield code="b">01</subfield>
    <subfield code="d">2017-10-16</subfield>
    <subfield code="e">MEERUT PRAGATI PRAKASHAN</subfield>
    <subfield code="g">345.00</subfield>
    <subfield code="i">5934 DATED17 OCT 2017</subfield>
    <subfield code="o">560.1</subfield>
    <subfield code="p">01-B-125420</subfield>
    <subfield code="r">2017-10-16</subfield>
    <subfield code="u">Chemistry</subfield>
    <subfield code="v">345.00</subfield>
    <subfield code="w">2017-10-16</subfield>
    <subfield code="y">02</subfield>
  </datafield>
  <datafield tag="952" ind1=" " ind2=" ">
    <subfield code="0">0</subfield>
    <subfield code="1">0</subfield>
    <subfield code="2">ddc</subfield>
    <subfield code="4">0</subfield>
    <subfield code="7">0</subfield>
    <subfield code="a">01</subfield>
    <subfield code="b">01</subfield>
    <subfield code="d">2017-10-16</subfield>
    <subfield code="e">MEERUT PRAGATI PRAKASHAN</subfield>
    <subfield code="g">345.00</subfield>
    <subfield code="i">5934 DATED17 OCT 2017</subfield>
    <subfield code="o">560.1</subfield>
    <subfield code="p">01-B-125421</subfield>
    <subfield code="r">2017-10-16</subfield>
    <subfield code="u">Chemistry</subfield>
    <subfield code="v">345.00</subfield>
    <subfield code="w">2017-10-16</subfield>
    <subfield code="y">02</subfield>
  </datafield>
</record>
